Estadísticas para Estados que Tocan el Río Misisipi con un Mapa Vacío

Haz click aquí para intentar la prueba.

Estadísticas generales

  • Esta prueba ha sido intentada 1.935 veces
  • La puntuación promedio es 8 de 10

Respuestas en el mapa

Las respuestas están codificadas por una escala verde-roja en el mapa de la prueba según el % correcto abajo.
 

Estadísticas de respuestas

Estado% Correcto
Misisipi
93%
Luisiana
87%
Arkansas
84%
Illinois
84%
Kentucky
81%
Misuri
81%
Tennessee
81%
Minnesota
79%
Iowa
77%
Wisconsin
76%

Distribución de puntuación

Porcentaje por número respondido

Porcentaje de gente con cada puntuación

Historial de tus puntuaciones

No has intentado esta prueba.